| 000 | 00629nam a22001937a 4500 | ||
|---|---|---|---|
| 003 | OSt | ||
| 005 | 20180116183033.0 | ||
| 008 | 160119b xxu||||| |||| 00| 0 eng d | ||
| 020 | _a03-776-96-2 | ||
| 024 | _203-776-96-2 | ||
| 040 | _cLahore University of Management Sciences | ||
| 082 | _a174.4 LUM 1996 | ||
| 100 | _aKhan J H, Rana A I, Kayani S | ||
| 245 |
_aAN INDUSTRY NOTE ON PAPER PRODUCTION IN PAKISTAN _cKhan J H, Rana A I, Kayani S |
||
| 260 |
_aLahore _bLahore University of Management Sciences _c1996 |
||
| 300 |
_a17 p. _bPapers |
||
| 440 | _aAN INDUSTRY NOTE ON PAPER PRODUCTION IN PAKISTAN | ||
| 942 |
_2ddc _cCS |
||
| 999 |
_c351099 _d351099 |
||